Biblioteca ESET

Lo que sale de su cauce (Registro nro. 1273)

Detalles MARC
000 -CABECERA
fixed length control field 00748nac a22002411a 4500
003 - CONTROL NUMBER IDENTIFIER
control field AR-BeUNQ
005 - FECHA Y HORA DE LA ULTIMA TRANSACCION
control field 20250508124744.0
008 - ELEMENTOS DE LONGITUD FIJA-INFORMACION GENERAL
fixed length control field 250508b |||||||| |||| 00| 0 spa d
020 ## - NUMERO INTERNACIONAL NORMALIZADO PARA LIBROS
Número Internacional Normalizado del libro 9789878284118
040 ## - FUENTE DE CATALOGACION
Agencia de catalogación original AR-BeUNQ
Agencia que realiza la transcripción AR-BeUNQ
Convenciones de la descripción aacr
082 ## - NUMERO DE CLASIFICACION DECIMAL DEWEYMBER
Número de la edición 21
Número de clasificación A 861 GOM
100 10 - ASIENTO PRINCIPAL-NOMBRE PERSONAL
Nombre personal Gómez, Claudio
Títulos u otras palabras asociadas al nombre aut.
Término relacionador aut.
245 ## - MENCION DE TITULO
Título Lo que sale de su cauce
Mención de responsabilidad, etc Claudio Gómez
Medio físico libro
250 ## - MENCION DE EDICION
Mención de edición 1a.ed.
Resto de la mención de edición especial
260 ## - PUBLICACION, DISTRIBUCION, ETC.
Lugar de publicación, distribución, etc. Vicente López :
Nombre del editor, distribuidor, etc. Kintsugi,
Fecha de publicación, distribución, etc 2023
300 ## - DESCRIPCION FISICA
Extensión 58 p.
Dimensiones 17.5 cm
490 ## - MENCION DE SERIE
Mención de serie Identidades Bonarenses
500 ## - NOTA GENERAL
Nota general Poemario.
650 ## - ASIENTO SECUNDARIO DE MATERIA - TERMINO TEMATICO
Término temático o nombre geográfico como elemento de entrada Poesía
Fuente del encabezamiento o términ tell
651 ## - ASIENTO SECUNDARIO DE MATERIA - NOMBRE GEOGRAFICO
Nombre geográfico Argentina
Fuente del encabezamiento o término unescot
929 ## - DATOS DE ADQUISICION
Procedencia DONACION
Proveedor Ministerio de Educación de la Pcia de Buenos Aires
Orden de compra 0
Precio 0
Fecha de recibido 05/11/2024
Patrimonio UNQ PAT0082569
Número de inventario 62988
942 ## - ELEMENTOS DE PUNTO DE ACCESO ADICIONAL (KOHA)
Tipo de ítem Koha Libros
Existencias
Estado de retiro Estado de pérdida Ubicación permanente Ubicación actual Ubicación en estantería Fecha de ingreso Signatura topográfica completa Inventario Date last seen Tipo de ítem Koha Operador
    Biblioteca ESET - UNQ Biblioteca ESET - UNQ CIRCULACION 08/05/2025 A 861 GOM 62988 08/05/2025 Libros Gladys Alarcon

ESET UNQ

☏ 4365-7188
 Avenida República de Francia 1714 entre Doctor Kenny y Concordia, Ezpeleta, Bs As.
✉ secretaria_eset@unq.edu.ar

Con tecnología Koha